[Event "BCF-chT2a 0910 (4NCL)"]
[Site "England"]
[Date "2010.03.27"]
[Round "7.6"]
[White "Ward, Julian D"]
[Black "Lewyk, Ihor"]
[Result "1-0"]
[WhiteElo "2132"]
[BlackElo "2115"]
[PlyCount "97"]
[EventDate "2009.10.24"]
[EventType "team-tourn"]
[EventRounds "7"]
[EventCountry "ENG"]
[SourceTitle "EXT 2010"]
[Source "ChessBase"]
[SourceDate "2010.11.25"]
[SourceVersion "1"]
[SourceVersionDate "2010.11.25"]
[SourceQuality "1"]
[WhiteTeam "Kings Head"]
[BlackTeam "White Rose II"]
[WhiteTeamCountry "ENG"]
[BlackTeamCountry "ENG"]

1. Nf3 c5 2. c4 Nc6 3. d4 cxd4 4. Nxd4 e5 5. Nc2 Be7 6. Nc3 Nf6 7. g3 d6 8. Bg2 0-0 9. 0-0 Be6 10. Ne3 Qd7 11. Ned5 Rfd8 12. Re1 Bg4 13. Nxe7+ Nxe7 14. Bg5 Rac8 15. b3 Ne8 16. Nd5 f6 17. Nxe7+ Qxe7 18. Be3 b6 19. a4 f5 20. a5 Rb8 21. axb6 axb6 22. Ra6 Qc7 23. Qa1 Nf6 24. Ra7 Qc8 25. Bg5 Rd7 26. Bxf6 gxf6 27. Bd5+ Kh8 28. Qa4 Rxa7 29. Qxa7 Bh5 30. b4 Qd8 31. b5 Be8 32. Ra1 Bd7 33. Ra6 h6 34. f4 e4 35. e3 Be8 36. Be6 Bg6 37. Kg2 Bh7 38. h4 Bg6 39. h5 Bxh5 40. Bxf5 Bf3+ 41. Kh3 Qg8 42. Rxb6 Rxb6 43. Qxb6 Qe8 44. g4 h5 45. Qxd6 Qf7 46. b6 hxg4+ 47. Kg3 Be2 48. Qd8+ Kg7 49. Qc7 1-0

[Event "BCF-chT2a 0910 (4NCL)"]
[Site "England"]
[Date "2010.02.21"]
[Round "6.5"]
[White "Ward, Julian D"]
[Black "Edgell, Ben P"]
[Result "1/2-1/2"]
[WhiteElo "2132"]
[BlackElo "2100"]
[PlyCount "34"]
[EventDate "2009.10.24"]
[EventType "team-tourn"]
[EventRounds "7"]
[EventCountry "ENG"]
[SourceTitle "EXT 2010"]
[Source "ChessBase"]
[SourceDate "2010.11.25"]
[SourceVersion "1"]
[SourceVersionDate "2010.11.25"]
[SourceQuality "1"]
[WhiteTeam "Kings Head"]
[BlackTeam "Sambuca Sharks"]
[WhiteTeamCountry "ENG"]
[BlackTeamCountry "ENG"]

1. Nf3 Nf6 2. c4 c5 3. g3 g6 4. Bg2 Nc6 5. d4 cxd4 6. Nxd4 Nxd4 7. Qxd4 d6 8. 0-0 Bg7 9. Nc3 0-0 10. Qd2 Rb8 11. b3 a6 12. Bb2 b5 13. Nd5 Nxd5 14. Bxg7 Kxg7 15. cxd5 Qb6 16. Rfc1 Bd7 17. Rc2 b4 1/2-1/2

[Event "BCF-chT2c 0809 (4NCL) Promotion pool"]
[Site "Hinckley Island"]
[Date "2009.03.22"]
[Round "8.5"]
[White "Byway, Paul V"]
[Black "Ward, Julian D"]
[Result "1-0"]
[WhiteElo "2167"]
[BlackElo "2190"]
[PlyCount "91"]
[EventDate "2008.10.04"]
[EventType "team-tourn"]
[EventRounds "4"]
[EventCountry "ENG"]
[SourceTitle "EXT 2010"]
[Source "ChessBase"]
[SourceDate "2010.11.25"]
[SourceVersion "1"]
[SourceVersionDate "2010.11.25"]
[SourceQuality "1"]
[WhiteTeam "Poisoned Pawns"]
[BlackTeam "Kings Head"]
[WhiteTeamCountry "ENG"]
[BlackTeamCountry "ENG"]

1. Nf3 c5 2. c4 Nf6 3. g3 d5 4. Bg2 Nc6 5. 0-0 g6 6. cxd5 Nxd5 7. d4 cxd4 8. Nxd4 Bg7 9. Nxc6 bxc6 10. e4 Nb4 11. Qxd8+ Kxd8 12. Nc3 Ba6 13. Rd1+ Kc7 14. Bf4+ e5 15. Bd2 Rab8 16. Bf1 Bxf1 17. Kxf1 Nc2 18. Rac1 Nd4 19. Na4 Rb5 20. Rc5 Rhb8 21. b3 Bf8 22. Rc4 Ba3 23. Be3 Ne6 24. Bxa7 Rf8 25. Be3 f5 26. Nc3 Rbb8 27. Bh6 Rf7 28. Rd5 Bd6 29. Nb5+ Rxb5 30. Rxb5 fxe4 31. Ra5 Kb6 32. Ra6+ Kxa6 33. Rxc6+ Kb5 34. Rxd6 Nc7 35. Be3 Kb4 36. Rc6 Nd5 37. Rc4+ Ka3 38. Rxe4 Nxe3+ 39. Rxe3 Kxa2 40. b4 Rb7 41. Rxe5 Rxb4 42. Re7 h5 43. Re6 Rg4 44. h3 Rg5 45. h4 Rg4 46. Kg2 1-0

[Event "BCF-chT2b 0809 (4NCL)"]
[Site "Hinckley Island"]
[Date "2008.10.05"]
[Round "2.4"]
[White "Ward, Julian D"]
[Black "Jackson, Adrian"]
[Result "1/2-1/2"]
[WhiteElo "2190"]
[BlackElo "2206"]
[PlyCount "110"]
[EventDate "2008.10.04"]
[EventType "team-tourn"]
[EventRounds "7"]
[EventCountry "ENG"]
[SourceTitle "EXT 2010"]
[Source "ChessBase"]
[SourceDate "2010.11.25"]
[SourceVersion "1"]
[SourceVersionDate "2010.11.25"]
[SourceQuality "1"]
[WhiteTeam "Kings Head"]
[BlackTeam "Guildford III"]
[WhiteTeamCountry "ENG"]
[BlackTeamCountry "ENG"]

1. Nf3 Nf6 2. c4 e6 3. g3 b6 4. Bg2 Bb7 5. 0-0 c5 6. b3 Be7 7. Bb2 0-0 8. Nc3 d6 9. d4 cxd4 10. Qxd4 Nc6 11. Qd2 a6 12. Rfd1 Qc7 13. Rac1 Na5 14. Qd3 Rac8 15. h3 Rfd8 16. e4 Qb8 17. Qe3 Ba8 18. e5 dxe5 19. Nxe5 Bxg2 20. Kxg2 Qb7+ 21. Qf3 Qxf3+ 22. Kxf3 Rxd1 23. Rxd1 Rd8 24. Rxd8+ Bxd8 25. b4 Nb7 26. Ne4 Nxe4 27. Kxe4 f6 28. Nc6 Bc7 29. Bd4 Kf7 30. c5 bxc5 31. Bxc5 Nxc5+ 32. bxc5 Ke8 33. Kd3 Kd7 34. Nd4 e5 35. Nb3 Kc6 36. Kc4 f5 37. a4 Bd8 38. f4 Bc7 39. fxe5 Bxe5 40. g4 f4 41. Na5+ Kc7 42. Kd3 f3 43. Ke3 Bd4+ 44. Kxf3 Bxc5 45. Ke4 Bb4 46. Nb3 Kd6 47. Kd4 Ba3 48. Ke4 Bb2 49. h4 Bc3 50. h5 Bb2 51. h6 gxh6 52. Nd4 Kc5 53. Ne6+ Kb4 54. a5 Kxa5 55. Nc7 Kb6 1/2-1/2

[Event "BCF-chT2 0708 (4NCL)"]
[Site "Sunningdale"]
[Date "2008.01.13"]
[Round "6.6"]
[White "Ward, Julian D"]
[Black "Yeo, Michael J"]
[Result "1/2-1/2"]
[WhiteElo "2145"]
[BlackElo "2110"]
[PlyCount "61"]
[EventDate "2007.09.15"]
[EventType "team-tourn"]
[EventRounds "11"]
[EventCountry "ENG"]
[SourceTitle "EXT 2023"]
[Source "ChessBase"]
[SourceDate "2022.10.05"]
[SourceVersion "1"]
[SourceVersionDate "2022.10.05"]
[SourceQuality "1"]
[WhiteTeam "Kings Head"]
[BlackTeam "Wessex"]
[WhiteTeamCountry "ENG"]
[BlackTeamCountry "ENG"]

1. Nf3 Nc6 2. d4 d5 3. c4 Bg4 4. cxd5 Bxf3 5. dxc6 Bxc6 6. Nc3 e6 7. Qd3 Qh4 8. g3 Qh5 9. e4 f5 10. Bg2 Nf6 11. f3 0-0-0 12. Qc4 Kb8 13. Bf4 fxe4 14. fxe4 Bd6 15. 0-0 e5 16. Bf3 Qe8 17. d5 exf4 18. dxc6 Qxc6 19. Qxc6 bxc6 20. e5 Bxe5 21. gxf4 Bxf4 22. Bxc6 Be3+ 23. Kh1 Rd6 24. Bf3 Rd2 25. Rae1 Re8 26. b4 Rf2 27. Bc6 Rxf1+ 28. Rxf1 Re6 29. b5 Bd2 30. Nd5 a6 31. a4 1/2-1/2